000 00548cam a22002171 4500
001 sa 66003647
003 DLC
005 20260227112237.0
008 940604s1962 ii 000 1 malo
010 _asa 66003647
025 _aPL480:I-Mal-758
035 _a(OCoLC)30548998
040 _aDLC
_cCU
_dCU
_dDLC
042 _apremarc
050 0 0 _aPL4718.9.V28
_bM3
100 1 _aVarkki, Muṭṭattu,
_d1918-
245 1 0 _aMayilāṭuṅkunnȧ.
260 _a[n.p.,
_bJ. Johnson,
_c1962]
300 _a259 p.
_c18 cm.
500 _aIn Malayalam.
999 _c69031
_d69031